| 000 | 00790cam a2200241 4500 | ||
|---|---|---|---|
| 001 | 10654 | ||
| 005 | 20230404125640.0 | ||
| 008 | 060907n1995 wau eng | ||
| 035 | _9funglode10738 | ||
| 041 | _aeng | ||
| 050 | 1 | 4 | _aCD F |
| 110 | _aInter-American Development Bank | ||
| 245 | 1 | 4 |
_aThe central american economies : _bOn the threshold of the 21st century / _cInter-American Development Bank |
| 250 | _a4 | ||
| 260 |
_aWashington D.C. : _bInter-American Development Bank, _c1995 |
||
| 300 | _aii, 95 p. | ||
| 650 | 0 |
_aFinance _zCentral America. |
|
| 650 | 0 |
_aEconomic indicators _zCentral America. |
|
| 651 | 0 |
_aCentral America _xEconomic policy. |
|
| 651 | 0 |
_aCentral America _xSocial policy. |
|
| 651 | 0 |
_aCentral America _xEconomic conditions _y1979- |
|
| 942 |
_2lcc _ccd |
||
| 999 |
_c1862 _d1862 |
||